000 01244nac a22003737a 4500
001 BR8903617
003 BR-BrBNA
005 20240105121003.0
008 230509b bl.|||m| |||| 00| 0 por d
040 _aBR-BrBNA
_bpor
_cBiblioteca Nacional de Agricultura
072 _aH60
090 _a0336 BR8903617
100 1 _aPereira, F. de A.R.
100 1 _aPereira, R.C.
100 1 _aGuimaraes, S.C.
100 1 _aBarros, A.C.
100 1 _aSouza, I.F. de
100 1 _aMachado Neto, J.G.
100 1 _aRodrigues, J.J. do V.
100 1 _aSantos, J.F. dos
110 1 _aEmpresa de Pesquisa, Assistencia Tecnica e Extensao Rural de Mato Grosso do Sul, Campo Grande (Brasil)
245 1 _aHerbicidas para a cultura de soja em areas de cerrado no Mato Grosso do Sul
260 3 _aCampo Grande, MS (Brasil):
_c1989.
300 _a5 p.
490 _aComunicado Tecnico - Empresa de Pesquisa, Assistencia Tecnica e Extensao Rural de Mato Grosso do Sul (Brazil)
_vno. 10
_xISSN 0102-1303
650 _aSOJA
650 _aERVA DANINHA
650 _aHERBICIDA
650 _aCONTROLE QUIMICO
650 _aCERRADO
650 _aMATO GROSSO DO SUL
909 _a202312
_bLúcia Elande
_c55
_dLúcia Elande
942 _2AGRIS
_n0
_cMS
999 _c282616
_d282616